000 00568nam a2200229Ia 4500
003 OSt
005 20220924152854.0
006 a|||||r|||| 00| 0
007 ta
008 220923b |||||||| |||| 00| 0 guj d
024 _a345644
037 _cTextual
040 _aARTS
_cARTS
_bguj
041 _2guj
_aguj
082 _aO156,1M77,13, w2G0
100 _aRavi
_9220701
245 0 _aJahangir nurjahan
260 _c1930
650 _aGUJRATI LITERATURE
942 _hO156,1M77,13, w2G0
_cTEXL
_2CC
999 _c471369
_d471369